[Event "Hamburg-ch Seniors op 16th"]
[Site "Hamburg"]
[Date "2009.11.05"]
[Round "6"]
[White "Friederichs, Johann"]
[Black "Falk, Rolf"]
[Result "1-0"]
[WhiteElo "1746"]
[BlackElo "1257"]
[PlyCount "57"]
[EventDate "2009.10.31"]
[EventType "swiss"]
[EventRounds "9"]
[EventCountry "GER"]
[SourceTitle "EXT 2022"]
[Source "ChessBase"]
[SourceDate "2021.10.06"]
[SourceVersion "1"]
[SourceVersionDate "2021.10.06"]
[SourceQuality "1"]

1. d4 Nf6 2. c4 d5 3. Nc3 e6 4. Nf3 Nc6 5. e3 Bd7 6. a3 a6 7. b4 Na7 8. Bb2 Be7 9. Qc2 c6 10. Rd1 0-0 11. Bd3 g6 12. 0-0 Ne8 13. e4 Ng7 14. Rfe1 b5 15. cxd5 Bc8 16. dxc6 Nxc6 17. d5 Nb8 18. d6 Bg5 19. e5 Bd7 20. Ne4 Bh6 21. Nf6+ Kh8 22. Bc1 Bxc1 23. Qxc1 Nh5 24. Nxh5 gxh5 25. Qh6 f5 26. exf6 Rf7 27. Ne5 Qg8 28. Ng6+ Qxg6 29. Bxg6 1-0